Six Sigma Handbook: (Record no. 183374)

MARC details
000 -LEADER
fixed length control field 00660 a2200193 4500
005 - DATE AND TIME OF LATEST TRANSACTION
control field 20211223160545.0
010 ## - LCCN (DPL NO)
LC control number ENG-130566
020 ## - INTERNATIONAL STANDARD BOOK NUMBER
International Standard Book Number 978-93-5460-196-5
Terms of availability 1499.00
035 ## - SYSTEM CONTROL NUMBER
System control number EN-114098
037 ## - SOURCE OF ACQUISITION
Source of stock number/acquisition DBAD/PUB
082 ## - DEWEY DECIMAL CLASSIFICATION NUMBER
Classification number 658.562
Item number 1
Edition number 5th,Ed.
100 ## - MAIN ENTRY--PERSONAL NAME
Personal name Pyzdek, Thomas
245 ## - TITLE STATEMENT
Title Six Sigma Handbook:
Statement of responsibility, etc Thomas Pyzdek, Paul Keller
250 ## - EDITION STATEMENT
Edition statement 5th, Ed.
260 ## - PUBLICATION, DISTRIBUTION, ETC. (IMPRINT)
Place of publication, distribution, etc Chennai
Name of publisher, distributor, etc McGraw Hill Education(india) Private Limited
Date of publication, distribution, etc 2021
270 ## - ADDRESS
Address Anjana Complex No.5 /90 A, Butt Road, St. Thomas Mount
City Chennai
Postal code 600016
300 ## - PHYSICAL DESCRIPTION
Extent xiv, 706p.
Dimensions 25cm (hbk)
Other physical details Notes, Reference, Index
942 ## - ADDED ENTRY ELEMENTS (KOHA)
Institution code [OBSOLETE] dpl
Item type English Books
Source of classification or shelving scheme Dewey Decimal Classification
Classification part 658.562
Call number suffix PYZ
Holdings
Withdrawn status Lost status Not for loan Collection code Home library Current library Date acquired Source of acquisition Cost, normal purchase price Full call number Barcode Copy number Cost, replacement price Koha item type
      Non-fiction Bawana Bawana 23/12/2021 DBAD/PUB 1499.00 658.562 PYZ EN-114098 1 1499.00 English Books

© Delhi Public Library
Hit Counter
free hit counter